000 00743nam a2200277 i 4500
001 C2-0292185
003 PPAK
005 20180728024302.0
008 081215s2003 caua|||| ||||| | eng d
020 _a1932431101
040 _aPPAK
_beng
_cPPAK
_erda
082 0 4 _a823
_223
090 0 0 _a823
_bSEY
_dLCK
100 1 _aSeymour, Jane,
_eauthor
245 1 0 _aFried pies :
_band roast cake
264 1 _aLos Angeles :
_bAngel Gate ,
_c2003
300 _a30 pages :
_billustrations ;
_c23 cm
336 _2rdacontent
_atext
337 _2rdamedia
_aunmediated
338 _2rdacarrier
_avolume
490 1 _aThis one 'n that one
650 1 0 _aEnglish fiction.
700 _eauthor
830 0 _aThis one 'n that one
942 _ddc
_cB
999 _c97136
_d97136